| 000 | 00406nam a2200133Ia 4500 | ||
|---|---|---|---|
| 008 | 170516s9999 xx 000 0 und d | ||
| 245 | _aEvaluation of Polymethine Dyes as Potential Probes for Near Infrared Fluorescence Imaging of Tumors: Part - 1 | ||
| 260 | _bTheranostics | ||
| 260 | _c2013 | ||
| 300 | _a3:9 | ||
| 650 | _xMedical Technology | ||
| 650 | _xMedtech | ||
| 856 | _uhttp://www.thno.org/v3i9 | ||
| 999 |
_c330244 _d330244 |
||